000 00571nam a2200181Ia 4500
003 GCL
008 140319s9999 xx 000 0 ara d
040 _aGCL /
_cGCL
082 0 4 _a330.121
_bع ا
100 1 _aعبدالنعيم محمد حسنين
245 1 0 _aالانسان والمال فى الاسلام /
_cعبدالنعيم محمد حسنين
260 _a[S.N] :
_bدار الوفاء للطباعة والنشر والتوزيع ،
_c1986
300 _a200
490 _a
650 0 4 _aالاقتصاد
650 0 4 _aالاسلام
942 _2ddc
_cBK
999 _c32282
_d32282